The letters to the seven churches / (Record no. 16212)
[ view plain ]
| 000 -LEADER | |
|---|---|
| fixed length control field | 01066nam a2200229 4500 |
| 008 - FIXED-LENGTH DATA ELEMENTS--GENERAL INFORMATION | |
| fixed length control field | 030728s1994 mauab b 000 0 eng |
| 020 ## - INTERNATIONAL STANDARD BOOK NUMBER | |
| International Standard Book Number | 1565630599 :USD8.00 |
| 090 ## - LOCALLY ASSIGNED LC-TYPE CALL NUMBER (OCLC); LOCAL CALL NUMBER (OCLC) | |
| Classification number (OCLC) (R) ; Classification number, CALL (RLIN) (NR) | BS2825.2 |
| Local cutter number (OCLC) ; Book number/undivided call number, CALL (RLIN) | R14l |
| -- | 1994 |
| 100 1# - MAIN ENTRY--PERSONAL NAME | |
| Personal name | Ramsay, William Mitchell, |
| Titles and other words associated with a name | Sir, |
| Dates associated with a name | 1851-1939. |
| 245 10 - TITLE STATEMENT | |
| Title | The letters to the seven churches / |
| Statement of responsibility, etc | W.M. Ramsay ; edited by Mark W. Wilson. |
| 250 ## - EDITION STATEMENT | |
| Edition statement | Updated ed. |
| 260 ## - PUBLICATION, DISTRIBUTION, ETC. (IMPRINT) | |
| Place of publication, distribution, etc | Peabody, Mass. : |
| Name of publisher, distributor, etc | Hendrickson Publishers, |
| Date of publication, distribution, etc | c1994. |
| 300 ## - PHYSICAL DESCRIPTION | |
| Extent | xv, 319 p. : |
| Other physical details | ill., maps ; |
| Dimensions | 23 cm. |
| 500 ## - GENERAL NOTE | |
| General note | Updated ed. of: The letters to the seven churches of Asia and their place in the plan of the Apocalypse. 1904. |
| 504 ## - BIBLIOGRAPHY, ETC. NOTE | |
| Bibliography, etc | Includes bibliographical references. |
| 650 #4 - SUBJECT ADDED ENTRY--TOPICAL TERM | |
| Topical term or geographic name as entry element | Bible. N.T. Revelation |
| General subdivision | Criticism, interpretation, etc. |
| 650 #4 - SUBJECT ADDED ENTRY--TOPICAL TERM | |
| Topical term or geographic name as entry element | Seven churches. |
| 651 #4 - SUBJECT ADDED ENTRY--GEOGRAPHIC NAME | |
| Geographic name | Turkey |
| General subdivision | Church history. |
| 951 ## - EQUIVALENCE OR CROSS-REFERENCE-GEOGRAPHIC NAME/AREA NAME [OBSOLETE] [CAN/MARC only] | |
| General subdivision | 00004161 |
| 700 1# - ADDED ENTRY--PERSONAL NAME | |
| Personal name | Ramsay, William Mitchell, |
| Titles and other words associated with a name | Sir, |
| Dates associated with a name | 1851-1939. |
| Title of a work | Letters to the seven churches of Asia and their place in the plan of the Apocalypse. |
| 700 1# - ADDED ENTRY--PERSONAL NAME | |
| Personal name | Wilson, Mark W. |
| 951 ## - EQUIVALENCE OR CROSS-REFERENCE-GEOGRAPHIC NAME/AREA NAME [OBSOLETE] [CAN/MARC only] | |
| -- | 19213 |
| -- | BS2825.2/R14l/1994 |
| -- | 070613111258406 |
| -- | 2000-12-21 |
| -- | GC |
| Withdrawn status | Lost status | Damaged status | Not for loan | Home library | Current library | Shelving location | Date acquired | Accession number | Shelving control number | Total Checkouts | Full call number | Barcode | Date last seen | Price effective from | Koha item type |
|---|---|---|---|---|---|---|---|---|---|---|---|---|---|---|---|
| BSOP Library | BSOP Library | GC | 12/21/2000 | 19213 | 127 | BS2825.2/R14l/1994 | 00004161 | 02/23/2013 | 02/23/2013 | Books |
